Aspectos jurd̕icos y bioťicos de los derechos sexuales y reproductivos en menores de edad

Bibliographic Details
Main Author: Carrillo-Cruz, Yudy Andrea
Format: eBook
Language:Spanish
Published: Bogot:̀ Ediciones Universidad Cooperativa de Colombia, 2019
Subjects:
Online Access:Acceso restringido

MARC

LEADER 00000nam a22000007a 4500
005 20200420230920.0
007 cr|||| ||||
008 200420s2019 co |||||s|||| 00||0 spa d
020 |a 978-958-760-187-9 
035 |a 31311 
040 |a vLex 
090 |c 10297  |d 10297 
100 1 |a Carrillo-Cruz, Yudy Andrea 
245 1 0 |a Aspectos jurd̕icos y bioťicos de los derechos sexuales y reproductivos en menores de edad  |h [Recurso electrn̤ico] /  |c Yudy Andrea Carrillo-Cruz 
256 |a Servicio en ln̕ea 
260 |a Bogot:̀  |b Ediciones Universidad Cooperativa de Colombia,  |c 2019 
300 |a 1 recurso electrn̤ico 
500 |a El tema central de la obra es el anl̀isis de los derechos sexuales y reproductivos de los menores de edad en Colombia, el cual se aborda de forma multidisciplinaria, adems̀ de incluir un estudio comparado con la legislacin̤ de otros Estados. Desde un punto de vista econm̤ico, se observ ̤el impacto en el desempeǫ del gasto pb︢lico en prevencin̤ del embarazo adolescente. Adems̀, se identifica de manera especf̕ica, a travš de un caso de estudio, el manejo que el gobierno hace de los recursos pb︢licos, la manera en que cambia de manos, desde el momento de la emisin̤ del gasto y su efectiva aplicacin̤; es decir, el grado de lg̤ica y responsabilidad con que se maneja el dinero estatal. Por otra parte, se estudi ̤la anticoncepcin̤ en menores de edad desde un punto de vista bioťico, lo que permite evidenciar el alcance de la autonoma̕ personal del menor. Asimismo, se examinaron los derechos sexuales y reproductivos de las mujeres, con base en la jurisprudencia de la Corte Constitucional, a partir de la evolucin̤ que ha tenido la garanta̕ efectiva de estos para la mujer. Adicional a lo anterior, se estudian los criterios jurd̕icos sobre salud sexual y reproductiva en menores en Latinoamřica y el mundo, pero con ňfasis en la legislacin̤ colombiana. Finalmente, se muestra un estudio de los efectos psicosociales del embarazo en menores de edad en Barrancabermeja 
506 1 |a Disponible solo en los productos indicados  |d vLex Global  |d vLex Global (Academic Edition, excluding Law Schools)  |d vLex Global (U.S. Academic Edition, Law Schools)  |d vLex Global (U.S. Academic Edition, excluding Law Schools)  |d vLex Global (Academic Edition, Law Schools) 
650 0 4 |a Derechos Reales  |z Colombia 
650 0 4 |a Derecho Pb︢lico y Administrativo  |z Colombia 
650 0 4 |a Medicina  |z Colombia 
740 0 |a vLex Libros (Servicio en ln̕ea) 
856 4 0 |u http://vlex.com/source/aspectos-juridicos-y-bioeticos-de-los-derechos-sexuales-y-reproductivos-en-menores-de-edad-31311  |z Acceso restringido 
942 |c BOOK 
999 0 |a Real Rights 
999 0 |a Public and Administrative Law 
999 0 |a Medicine